| 000 | 00839nam a22002177a 4500 | ||
|---|---|---|---|
| 999 |
_c5206 _d5206 |
||
| 003 | AR-CdUCM | ||
| 008 | 190312b ||||| |||| 00| 0 eng d | ||
| 040 |
_aMUNICIPALIDAD PROVINCIAL DEL CUSCO _cBIBLIOTECA MUNICIPAL DEL CUSCO |
||
| 082 |
_a963.06 / _bV19 |
||
| 100 |
_aValdés Vivó, Raúl _915788 |
||
| 245 |
_aEtiopía : _bla revolución desconocida / |
||
| 260 |
_aLima : _bItal Perú, _c1978. |
||
| 300 |
_a114 páginas ; _c18.5 cm. |
||
| 500 | _aDonación familia Nieto | ||
| 505 | _aContenido: El emperador es detenido, via libre a la Revolución -- Una Revolución en busca de su ideología -- Cuando Haile Selassie luchaba por el poder -- Imagen de la revolución -- Raíces de la espontaneidad ... | ||
| 650 |
_aEtiopía _915789 |
||
| 650 |
_aHistoria _9136 |
||
| 650 |
_aSiglo XX _98 |
||
| 942 |
_2ddc _cLIBROS |
||
| 945 | _aafb | ||